[Event "SVK-chT1W 1314"]
[Site "Slovakia"]
[Date "2013.10.13"]
[Round "2.7"]
[White "Huba, Martin"]
[Black "Polasek, Filip"]
[Result "0-1"]
[WhiteElo "2184"]
[BlackElo "2085"]
[PlyCount "62"]
[EventDate "2013.10.12"]
[EventType "team-tourn"]
[EventRounds "11"]
[EventCountry "SVK"]
[SourceTitle "EXT 2015"]
[Source "ChessBase"]
[SourceDate "2014.11.20"]
[SourceVersion "1"]
[SourceVersionDate "2014.11.20"]
[SourceQuality "1"]
[WhiteTeam "Prievidza"]
[BlackTeam "Osuske"]
[WhiteTeamCountry "SVK"]
[BlackTeamCountry "SVK"]

1. e4 e5 2. Nf3 Nc6 3. Bc4 Bc5 4. 0-0 Nf6 5. d3 0-0 6. c3 d5 7. exd5 Nxd5 8. b4 Be7 9. Re1 Bg4 10. h3 Bh5 11. g4 Bg6 12. Nxe5 Nxe5 13. Rxe5 Nb6 14. Bb3 Bf6 15. Re3 Bg5 16. Rf3 Bxc1 17. Qxc1 Bxd3 18. Nd2 Bg6 19. Nf1 a5 20. a4 c6 21. Ng3 axb4 22. cxb4 Qd4 23. Rf4 Qe5 24. Ra2 Nd5 25. Rc4 Bd3 26. Rc5 b6 27. Bxd5 bxc5 28. Bxc6 cxb4 29. Rd2 Rad8 30. Qd1 Qc7 31. Bf3 Bg6 0-1

[Event "SVK-chT1W 1213"]
[Site "Slovakia"]
[Date "2013.03.23"]
[Round "10.8"]
[White "Ocko, Martin"]
[Black "Huba, Martin"]
[Result "1/2-1/2"]
[WhiteElo "1661"]
[BlackElo "2190"]
[PlyCount "69"]
[EventDate "2012.10.20"]
[EventType "team-tourn"]
[EventRounds "11"]
[EventCountry "SVK"]
[SourceTitle "EXT 2015"]
[Source "ChessBase"]
[SourceDate "2014.11.20"]
[SourceVersion "1"]
[SourceVersionDate "2014.11.20"]
[SourceQuality "1"]
[WhiteTeam "Osuske"]
[BlackTeam "Prievidza"]
[WhiteTeamCountry "SVK"]
[BlackTeamCountry "SVK"]

1. e4 Nf6 2. e5 Nd5 3. c4 Nb6 4. d4 d6 5. f4 dxe5 6. fxe5 Nc6 7. Be3 Bf5 8. Nc3 e6 9. Be2 Qh4+ 10. g3 Qe7 11. Nf3 0-0-0 12. 0-0 Qb4 13. Qb3 Be7 14. Rfc1 a5 15. c5 Nd5 16. Nxd5 Rxd5 17. Rc4 Qxb3 18. axb3 Bg4 19. b4 axb4 20. Ra8+ Nb8 21. Rxb4 c6 22. Ra7 Rd7 23. Kf2 Bxf3 24. Kxf3 Rf8 25. Ke4 b5 26. Ra1 Rfd8 27. Rb3 Rb7 28. Rba3 Rd5 29. h4 f6 30. Bf4 f5+ 31. Ke3 Rbd7 32. Rd3 Rb7 33. Rda3 Rbd7 34. Rd3 Rb7 35. Rda3 1/2-1/2

[Event "Karvina op"]
[Site "Karvina"]
[Date "2005.07.06"]
[Round "5"]
[White "Podlesny, Petr"]
[Black "Huba, Martin"]
[Result "1-0"]
[WhiteElo "1973"]
[BlackElo "2187"]
[PlyCount "29"]
[EventDate "2005.07.02"]
[EventType "swiss"]
[EventRounds "9"]
[EventCountry "CZE"]
[SourceTitle "CBM 107 Extra"]
[Source "ChessBase"]
[SourceDate "2005.09.01"]
[SourceVersion "1"]
[SourceVersionDate "2005.09.01"]
[SourceQuality "1"]

1. e4 c5 2. Nc3 Nc6 3. g3 g6 4. Bg2 Bg7 5. Nge2 Nh6 6. d3 d6 7. 0-0 0-0 8. f4 f5 9. h3 Rb8 10. Be3 Nd4 11. Qd2 Nf7 12. Nd1 b5 13. c3 Nxe2+ 14. Qxe2 e5 15. Nf2 1-0

[Event "SVK-chT1W 0405"]
[Site "Slovakia"]
[Date "2005.??.??"]
[Round "10"]
[White "Huba, Martin"]
[Black "Polacik, Igor"]
[Result "1-0"]
[WhiteElo "2144"]
[BlackElo "2014"]
[PlyCount "57"]
[EventDate "2004.10.??"]
[EventType "team"]
[EventRounds "11"]
[EventCountry "SVK"]
[SourceTitle "EXT 2006"]
[Source "ChessBase"]
[SourceDate "2005.11.24"]
[SourceVersion "1"]
[SourceVersionDate "2005.11.24"]
[SourceQuality "1"]

1. e4 e5 2. Nf3 Nc6 3. Nc3 Nf6 4. Bb5 d6 5. d4 exd4 6. Nxd4 Bd7 7. Bxc6 bxc6 8. 0-0 Be7 9. Re1 0-0 10. Bf4 Qb8 11. Rb1 Re8 12. e5 Ng4 13. e6 Bf6 14. Qxg4 fxe6 15. Nde2 Qd8 16. Ne4 Be7 17. Bg5 e5 18. Qh4 h6 19. Bxe7 Rxe7 20. N2g3 Qf8 21. Nd2 d5 22. c4 Rf7 23. Rxe5 Re8 24. Rxe8 Bxe8 25. Nf3 g5 26. Qd4 Rf4 27. Qe3 Rxc4 28. Re1 Bd7 29. Ne5 1-0

[Event "SVK-chT1W 0405"]
[Site "Slovakia"]
[Date "2005.??.??"]
[Round "7"]
[White "Mihalik, Marek"]
[Black "Huba, Martin"]
[Result "0-1"]
[WhiteElo "2126"]
[BlackElo "2144"]
[PlyCount "74"]
[EventDate "2004.10.??"]
[EventType "team"]
[EventRounds "11"]
[EventCountry "SVK"]
[SourceTitle "EXT 2006"]
[Source "ChessBase"]
[SourceDate "2005.11.24"]
[SourceVersion "1"]
[SourceVersionDate "2005.11.24"]
[SourceQuality "1"]

1. d4 Nf6 2. c4 e6 3. Nc3 Bb4 4. Nf3 c5 5. e3 0-0 6. Be2 b6 7. 0-0 Bb7 8. Nb5 d5 9. a3 Ba5 10. dxc5 bxc5 11. cxd5 exd5 12. Qc2 a6 13. Nc3 Nbd7 14. Bd3 g6 15. Rd1 Qe7 16. Qe2 Rfe8 17. Bd2 Bc7 18. b4 d4 19. exd4 Qd8 20. Be3 cxd4 21. Nxd4 Ne5 22. Nc2 Qd6 23. Be4 Nf3+ 24. Qxf3 Qxh2+ 25. Kf1 Nxe4 26. Nd5 Bxd5 27. Rxd5 Nc3 28. g3 Nxd5 29. Qxd5 Bxg3 30. fxg3 Qxc2 31. Qd4 Rad8 32. Qf6 Qd3+ 33. Kf2 Rd5 34. Qb6 Rxe3 35. Qb8+ Kg7 36. Rf1 Rf3+ 37. Kg2 Qxf1+ 0-1

[Event "SVK-chT1W 0405"]
[Site "Slovakia"]
[Date "2004.??.??"]
[Round "2"]
[White "Heinrich, Jan"]
[Black "Huba, Martin"]
[Result "1/2-1/2"]
[WhiteElo "2109"]
[BlackElo "2144"]
[PlyCount "143"]
[EventDate "2004.10.??"]
[EventType "team"]
[EventRounds "11"]
[EventCountry "SVK"]
[SourceTitle "EXT 2006"]
[Source "ChessBase"]
[SourceDate "2005.11.24"]
[SourceVersion "1"]
[SourceVersionDate "2005.11.24"]
[SourceQuality "1"]

1. d4 Nf6 2. Nf3 d6 3. c4 Bg4 4. Nbd2 Nbd7 5. g3 c6 6. Bg2 Qc7 7. 0-0 e5 8. dxe5 dxe5 9. h3 Bf5 10. Nh4 Be6 11. Qc2 g6 12. b3 Bg7 13. Bb2 0-0 14. e4 Rad8 15. Rfd1 Qb6 16. Ndf3 Nh5 17. Kh2 f6 18. Bf1 Rfe8 19. Bd3 c5 20. Ng2 Bh6 21. Bc1 Bxc1 22. Raxc1 Nf8 23. Ne3 Qa5 24. Nd5 Kf7 25. Qd2 Qxd2 26. Rxd2 h6 27. Rcd1 Rd7 28. Ne1 b6 29. Be2 Ng7 30. Nc2 f5 31. f3 Red8 32. Nce3 Rd6 33. Kg2 Bc8 34. exf5 gxf5 35. Bd3 Ng6 36. Bc2 Ne7 37. Rd3 Nc6 38. Bb1 Nd4 39. Nc7 Bb7 40. Ned5 Nge6 41. Kf2 R8d7 42. Nxe6 Kxe6 43. Re1 Bxd5 44. cxd5+ Rxd5 45. Rde3 Nc6 46. R3e2 Rd2 47. g4 fxg4 48. hxg4 Rxe2+ 49. Rxe2 Rd1 50. Bc2 Rd6 51. f4 Kf6 52. fxe5+ Nxe5 53. Kg3 Nc6 54. Rf2+ Kg7 55. Be4 Ne5 56. Re2 Kf6 57. Rf2+ Ke7 58. Re2 Kd8 59. Bf5 Nd7 60. Re6 Rxe6 61. Bxe6 Ke7 62. Bc4 Kf6 63. Kf4 Ne5 64. Be2 Nc6 65. Bc4 Nd4 66. a4 a6 67. Bg8 b5 68. axb5 axb5 69. Ke4 Kg5 70. b4 cxb4 71. Kxd4 Kxg4 72. Kc5 1/2-1/2

[Event "SVK-chT1W 0304"]
[Site "Slovakia"]
[Date "2004.??.??"]
[Round "7"]
[White "Huba, Martin"]
[Black "Hlinka, Miroslav"]
[Result "0-1"]
[WhiteElo "2190"]
[BlackElo "2115"]
[PlyCount "116"]
[EventDate "2003.10.??"]
[EventType "team"]
[EventRounds "9"]
[EventCountry "SVK"]
[SourceTitle "EXT 2005"]
[Source "ChessBase"]
[SourceDate "2004.11.15"]
[SourceVersion "1"]
[SourceVersionDate "2004.11.15"]
[SourceQuality "1"]

1. e4 e5 2. Nf3 Nf6 3. Nc3 Bb4 4. Nxe5 Qe7 5. Nd3 Bxc3 6. dxc3 Qxe4+ 7. Be2 d6 8. 0-0 0-0 9. Re1 Nc6 10. f4 Qg6 11. Nf2 Bf5 12. Bd3 Rfe8 13. Rxe8+ Rxe8 14. Bd2 Ne4 15. Be1 Nd8 16. Qf3 d5 17. Rd1 Ne6 18. Kf1 Qh6 19. Nxe4 dxe4 20. Bxe4 Bxe4 21. Qxe4 Qxh2 22. f5 Qf4+ 23. Qxf4 Nxf4 24. Bg3 g5 25. Bxf4 gxf4 26. Rd4 Kg7 27. Rxf4 Kf6 28. Kf2 h5 29. g3 Re5 30. Rd4 Rxf5+ 31. Kg2 Ke6 32. c4 a5 33. a4 c6 34. Rd2 b5 35. cxb5 cxb5 36. axb5 Rxb5 37. b3 Rb4 38. Kh3 f5 39. Rf2 Ke5 40. Re2+ Kf6 41. Rf2 Re4 42. Rd2 Re3 43. Rd4 Rc3 44. Ra4 Kg5 45. Rxa5 h4 46. Ra8 Rxg3+ 47. Kh2 Rc3 48. Rg8+ Kf4 49. Rg2 Ke4 50. Kg1 f4 51. Re2+ Kf3 52. Rf2+ Kg4 53. Kh2 Re3 54. b4 f3 55. b5 Re2 56. Kg1 Kg3 57. b6 Re1+ 58. Rf1 f2+ 0-1

[Event "SVK Cup"]
[Site "Martin"]
[Date "2003.??.??"]
[Round "7"]
[White "Huba, Martin"]
[Black "Janos, Ivan"]
[Result "0-1"]
[WhiteElo "2192"]
[BlackElo "2131"]
[PlyCount "100"]
[EventDate "2003.04.??"]
[EventType "team"]
[EventRounds "7"]
[EventCountry "SVK"]
[SourceTitle "CBM 093 Extra"]
[Source "ChessBase"]
[SourceDate "2003.05.09"]
[SourceVersion "1"]
[SourceVersionDate "2003.05.09"]
[SourceQuality "1"]
[WhiteTeam "Prievidza"]
[BlackTeam "Pezinok"]
[WhiteTeamCountry "SVK"]
[BlackTeamCountry "SVK"]

1. e4 c5 2. Nf3 d6 3. d4 cxd4 4. Nxd4 Nf6 5. Nc3 g6 6. Be3 Bg7 7. f3 0-0 8. Qd2 Nc6 9. Bc4 Bd7 10. h4 Rc8 11. Bb3 Ne5 12. 0-0-0 h5 13. Bh6 Bxh6 14. Qxh6 Rxc3 15. bxc3 Qa5 16. Kb1 Rc8 17. g4 Qxc3 18. gxh5 Nxh5 19. Rhg1 Nc4 20. Bxc4 Rxc4 21. Qxh5 Rc5 22. Rxg6+ fxg6 23. Qxg6+ Kf8 24. Qh6+ Ke8 25. Qh8+ Kf7 26. Qh7+ Kf8 27. Rg1 Bg4 28. Qh6+ Ke8 29. Qg6+ Kd8 30. Qg8+ Kc7 31. Qb3 Qxd4 32. Rxg4 Qd1+ 33. Kb2 Qd4+ 34. Kc1 Rc3 35. Qd5 Qa4 36. Rg2 Rxf3 37. Qe6 Qa3+ 38. Kd1 Rf1+ 39. Kd2 Qb4+ 40. Kd3 Rd1+ 41. Ke3 Qc3+ 42. Kf4 Rf1+ 43. Kg5 Qg7+ 44. Qg6 Qe5+ 45. Kg4 Rf4+ 46. Kh3 Rxe4 47. Qg5 Qc3+ 48. Kh2 Qe1 49. Rg4 Qf2+ 50. Kh3 Qf3+ 0-1

[Event "SVK-chT1W 0304"]
[Site "Slovakia"]
[Date "2003.??.??"]
[Round "6"]
[White "Huba, Martin"]
[Black "Mihalik, Marek"]
[Result "0-1"]
[WhiteElo "2190"]
[BlackElo "2120"]
[PlyCount "78"]
[EventDate "2003.10.??"]
[EventType "team"]
[EventRounds "9"]
[EventCountry "SVK"]
[SourceTitle "EXT 2005"]
[Source "ChessBase"]
[SourceDate "2004.11.15"]
[SourceVersion "1"]
[SourceVersionDate "2004.11.15"]
[SourceQuality "1"]

1. e4 c5 2. Nf3 d6 3. d4 cxd4 4. Nxd4 Nf6 5. Nc3 a6 6. Bc4 e6 7. Bb3 Be7 8. 0-0 0-0 9. f4 Qc7 10. Be3 Nc6 11. f5 Nxd4 12. Qxd4 b5 13. Rad1 Ng4 14. fxe6 Bxe6 15. Bf4 Rad8 16. h3 Bf6 17. Qd2 Qc5+ 18. Kh1 Bxc3 19. bxc3 Ne5 20. Be3 Qc7 21. Bd4 Bc4 22. Rf5 Qe7 23. Qf2 Rc8 24. Qg3 f6 25. Qe1 Rfe8 26. Qg3 Rf8 27. Rdf1 a5 28. R1f4 a4 29. Bxc4+ Rxc4 30. a3 Rc7 31. Rf1 Rb7 32. Kh2 Qe6 33. h4 Rbf7 34. Ra1 Qc4 35. Rf2 Qe6 36. Rf5 Qc4 37. Rf2 Qc8 38. Rf5 Qe6 39. Rf2 Ng4+ 0-1

[Event "SVK-chT1W 0304"]
[Site "Slovakia"]
[Date "2003.??.??"]
[Round "5"]
[White "Huliak, Pavol"]
[Black "Huba, Martin"]
[Result "1/2-1/2"]
[WhiteElo "2035"]
[BlackElo "2190"]
[PlyCount "72"]
[EventDate "2003.10.??"]
[EventType "team"]
[EventRounds "9"]
[EventCountry "SVK"]
[SourceTitle "EXT 2005"]
[Source "ChessBase"]
[SourceDate "2004.11.15"]
[SourceVersion "1"]
[SourceVersionDate "2004.11.15"]
[SourceQuality "1"]

1. d4 Nf6 2. c4 e6 3. Nc3 Bb4 4. Nf3 c5 5. e3 0-0 6. Bd3 d5 7. a3 Ba5 8. cxd5 exd5 9. dxc5 Bxc3+ 10. bxc3 Nc6 11. Qc2 Bg4 12. Nd4 Ne5 13. Bb5 a6 14. Be2 Qc7 15. f3 Bh5 16. a4 Bg6 17. Qd2 Rfe8 18. Ba3 Rad8 19. 0-0 Ned7 20. Nb3 Qe5 21. c6 bxc6 22. Bxa6 Qxe3+ 23. Qxe3 Rxe3 24. Rfc1 Bd3 25. Bxd3 Rxd3 26. a5 Ra8 27. Bd6 Ne8 28. Nc5 Nxc5 29. Bxc5 Nc7 30. Bb6 Na6 31. Ra2 c5 32. Kf2 c4 33. Rb2 Rb8 34. Rcc2 f6 35. Bd4 Ra8 36. Rb5 Nc7 1/2-1/2

[Event "SVK-chT1W 0304"]
[Site "Slovakia"]
[Date "2003.??.??"]
[Round "1"]
[White "Janos, Ivan"]
[Black "Huba, Martin"]
[Result "1/2-1/2"]
[WhiteElo "2125"]
[BlackElo "2190"]
[PlyCount "94"]
[EventDate "2003.10.??"]
[EventType "team"]
[EventRounds "9"]
[EventCountry "SVK"]
[SourceTitle "EXT 2005"]
[Source "ChessBase"]
[SourceDate "2004.11.15"]
[SourceVersion "1"]
[SourceVersionDate "2004.11.15"]
[SourceQuality "1"]

1. e4 c6 2. d4 d5 3. Nc3 dxe4 4. Nxe4 Nd7 5. Nf3 Ngf6 6. Nxf6+ Nxf6 7. c3 Bg4 8. Bc4 e6 9. h3 Bh5 10. g4 Bg6 11. Ne5 Bd6 12. Nxg6 hxg6 13. Bg5 Qc7 14. Qf3 Nd5 15. Bxd5 exd5 16. 0-0-0 f6 17. Rde1+ Kf7 18. h4 Rae8 19. h5 gxh5 20. gxh5 Rxe1+ 21. Rxe1 Re8 22. Be3 Bf4 23. Qg4 Bxe3+ 24. fxe3 Kf8 25. h6 gxh6 26. Rg1 Qh7 27. Qf4 Kf7 28. Rh1 h5 29. Kd2 Qg6 30. Rf1 Re6 31. Qc7+ Re7 32. Qf4 Kg7 33. Rf3 Re4 34. Qc7+ Kh6 35. Rf2 Qg5 36. Re2 h4 37. Qxb7 Rg4 38. Qb8 Rg3 39. Qh8+ Kg6 40. Qe8+ Kf5 41. Qxc6 Kg4 42. c4 dxc4 43. Qe4+ Kh5 44. Qh7+ Qh6 45. Qf5+ Qg5 46. Qh7+ Kg4 47. Qe4+ Kh5 1/2-1/2

[Event "SVK-chT1W 0304"]
[Site "Slovakia"]
[Date "2003.??.??"]
[Round "4"]
[White "Pasko, Peter"]
[Black "Huba, Martin"]
[Result "1-0"]
[WhiteElo "2120"]
[BlackElo "2190"]
[PlyCount "83"]
[EventDate "2003.10.??"]
[EventType "team"]
[EventRounds "9"]
[EventCountry "SVK"]
[SourceTitle "EXT 2005"]
[Source "ChessBase"]
[SourceDate "2004.11.15"]
[SourceVersion "1"]
[SourceVersionDate "2004.11.15"]
[SourceQuality "1"]

1. e4 c5 2. Nf3 e6 3. d4 cxd4 4. Nxd4 Nf6 5. Nd2 Bc5 6. c3 e5 7. N4b3 Bb6 8. Bd3 d5 9. 0-0 a5 10. a4 Be6 11. Bb5+ Nbd7 12. exd5 Bxd5 13. Nc4 Bc7 14. Bg5 0-0 15. Ne3 Be6 16. Qc2 Qe7 17. Rad1 Nc5 18. Nxc5 Qxc5 19. Bxf6 gxf6 20. Qe4 Rad8 21. Bd3 Rxd3 22. Rxd3 Kh8 23. Nf5 Qc6 24. Qg4 Rg8 25. Qxg8+ Kxg8 26. Ne7+ Kg7 27. Nxc6 bxc6 28. Rfd1 e4 29. Rd6 Bb3 30. Rxc6 Be5 31. Rd4 Bxd4 32. cxd4 Bxa4 33. Rc5 Kf8 34. Rxa5 Bb3 35. Ra7 f5 36. Kf1 f4 37. Ke1 Kg7 38. Ra3 Bc4 39. b4 f5 40. Rc3 Be6 41. b5 Kf6 42. b6 1-0

[Event "SVK-chT3B 0102"]
[Site "Slovakia"]
[Date "2002.??.??"]
[Round "7"]
[White "Bojda, Lubomir"]
[Black "Huba, Martin"]
[Result "0-1"]
[WhiteElo "2171"]
[BlackElo "2161"]
[PlyCount "74"]
[EventDate "2001.10.??"]
[EventType "team"]
[EventRounds "9"]
[EventCountry "SVK"]
[SourceTitle "EXT 2003"]
[Source "ChessBase"]
[SourceDate "2002.11.25"]
[SourceVersion "1"]
[SourceVersionDate "2002.11.25"]
[SourceQuality "1"]

1. d4 Nf6 2. c4 e6 3. g3 d5 4. Nf3 Be7 5. Bg2 0-0 6. 0-0 c6 7. Nc3 dxc4 8. Ne5 Nbd7 9. Nxc4 Nb6 10. Ne5 Nbd5 11. e4 Nb6 12. Be3 Nbd7 13. Nd3 b6 14. Rc1 Bb7 15. Qb3 Ng4 16. e5 Nxe3 17. fxe3 Bg5 18. Nf4 Rc8 19. Ne4 c5 20. Nd6 Bxg2 21. Kxg2 Bxf4 22. Rxf4 Rc7 23. Rcf1 cxd4 24. Rxf7 Rxf7 25. Nxf7 Qa8+ 26. Kh3 Nc5 27. Qc4 Rxf7 28. Rxf7 Kxf7 29. exd4 Qe4 30. Qf1+ Qf5+ 31. Qxf5+ exf5 32. dxc5 bxc5 33. Kh4 Ke6 34. Kg5 Kxe5 35. h4 c4 36. h5 a5 37. a4 Ke4 0-1

[Event "Karvina op"]
[Site "Karvina"]
[Date "2002.??.??"]
[Round "7.23"]
[White "Hrouza, Ondrej"]
[Black "Huba, Martin"]
[Result "0-1"]
[WhiteElo "1885"]
[BlackElo "2127"]
[PlyCount "78"]
[EventDate "2002.06.25"]
[EventType "swiss"]
[EventRounds "9"]
[EventCountry "CZE"]
[SourceTitle "EXT 2003"]
[Source "ChessBase"]
[SourceDate "2002.11.25"]
[SourceVersion "1"]
[SourceVersionDate "2002.11.25"]
[SourceQuality "1"]

1. e4 e6 2. d4 d5 3. Nc3 Bb4 4. e5 c5 5. a3 Bxc3+ 6. bxc3 Ne7 7. Nf3 Bd7 8. Bd3 Qa5 9. Bd2 c4 10. Be2 Ba4 11. 0-0 Nd7 12. Nh4 Ng6 13. Nxg6 hxg6 14. Rb1 Bc6 15. Qc1 0-0-0 16. Qb2 Qc7 17. Qb4 Nb8 18. a4 Na6 19. Qa3 f6 20. f4 Rd7 21. Bg4 f5 22. Bf3 Qa5 23. Ra1 Qd8 24. g3 Qa5 25. Rfb1 Qd8 26. Ra2 Qa5 27. Bc1 Kb8 28. Qb2 Ka8 29. Qa1 Qd8 30. Ba3 g5 31. Bc1 gxf4 32. Bxf4 g5 33. Be3 Rdh7 34. Rf1 Rxh2 35. Rf2 R2h3 36. Rg2 Rh1+ 37. Kf2 Rxa1 38. Rxa1 g4 39. Be2 Qa5 0-1

[Event "SVK-chT3B 0203"]
[Site "Slovakia"]
[Date "2002.??.??"]
[Round "?"]
[White "Huba, Martin"]
[Black "Cibulka, Vladimir"]
[Result "1/2-1/2"]
[WhiteElo "2170"]
[BlackElo "2320"]
[PlyCount "30"]
[EventDate "2002.10.??"]
[EventType "team"]
[EventRounds "11"]
[EventCountry "SVK"]
[SourceTitle "EXT 2005"]
[Source "ChessBase"]
[SourceDate "2004.11.15"]
[SourceVersion "1"]
[SourceVersionDate "2004.11.15"]
[SourceQuality "1"]

1. e4 Nf6 2. e5 Nd5 3. d4 d6 4. Nf3 g6 5. Bc4 Nb6 6. Bb3 d5 7. Bf4 Nc6 8. h3 Na5 9. c3 Nxb3 10. axb3 Bf5 11. Qe2 Bg7 12. Nbd2 h6 13. Qe3 g5 14. Bg3 e6 15. h4 g4 1/2-1/2

[Event "Karvina op"]
[Site "Karvina"]
[Date "2002.??.??"]
[Round "6.18"]
[White "Huba, Martin"]
[Black "Kozak, Pawel"]
[Result "0-1"]
[WhiteElo "2127"]
[BlackElo "1800"]
[PlyCount "34"]
[EventDate "2002.06.25"]
[EventType "swiss"]
[EventRounds "9"]
[EventCountry "CZE"]
[SourceTitle "EXT 2003"]
[Source "ChessBase"]
[SourceDate "2002.11.25"]
[SourceVersion "1"]
[SourceVersionDate "2002.11.25"]
[SourceQuality "1"]

1. e4 c5 2. Nf3 d6 3. d4 cxd4 4. Nxd4 Nf6 5. Nc3 a6 6. Be3 Ng4 7. Bc1 Nf6 8. f3 Nc6 9. Be3 e6 10. Qd2 d5 11. Bd3 Bb4 12. a3 Qa5 13. 0-0 Bxc3 14. bxc3 Qc7 15. Bg5 dxe4 16. fxe4 Ng4 17. Nxc6 Qxh2# 0-1

[Event "SVK-chT3B 0203"]
[Site "Slovakia"]
[Date "2002.??.??"]
[Round "?"]
[White "Huba, Martin"]
[Black "Packa, Ladislav"]
[Result "1/2-1/2"]
[WhiteElo "2190"]
[BlackElo "2215"]
[PlyCount "88"]
[EventDate "2002.10.??"]
[EventType "team"]
[EventRounds "11"]
[EventCountry "SVK"]
[SourceTitle "EXT 2005"]
[Source "ChessBase"]
[SourceDate "2004.11.15"]
[SourceVersion "1"]
[SourceVersionDate "2004.11.15"]
[SourceQuality "1"]

1. e4 e5 2. Nf3 Nc6 3. Nc3 Nf6 4. Bb5 Nd4 5. Ba4 Bc5 6. Nxe5 0-0 7. Nd3 Bb6 8. Nf4 c6 9. d3 d5 10. exd5 Re8+ 11. Kf1 Ng4 12. Ne4 cxd5 13. Nxd5 Qxd5 14. Bxe8 Bf5 15. h3 Ne5 16. c4 Qe6 17. c5 Bxe4 18. dxe4 Qc4+ 19. Kg1 Ne2+ 20. Kh2 Bc7 21. f4 Rxe8 22. Re1 Nxc1 23. Rxc1 Qe6 24. fxe5 Qxe5+ 25. Kg1 Qh2+ 26. Kf1 Bg3 27. Qf3 Bxe1 28. Rxe1 Qe5 29. Qf2 Re6 30. Qd2 Rf6+ 31. Ke2 g6 32. Qc3 Qxe4+ 33. Kd1 Qb1+ 34. Kd2 Rf2+ 35. Re2 Rxe2+ 36. Kxe2 Qxa2 37. Qd4 Qe6+ 38. Kf2 h5 39. b4 Kh7 40. Kg3 a6 41. Kf3 Qf5+ 42. Ke3 Qg5+ 43. Kf3 Qf5+ 44. Ke3 Qe6+ 1/2-1/2

[Event "Karvina op"]
[Site "Karvina"]
[Date "2002.??.??"]
[Round "8.14"]
[White "Huba, Martin"]
[Black "Rogovskoy, Alexander"]
[Result "1-0"]
[WhiteElo "2127"]
[BlackElo "2287"]
[PlyCount "33"]
[EventDate "2002.06.25"]
[EventType "swiss"]
[EventRounds "9"]
[EventCountry "CZE"]
[SourceTitle "EXT 2003"]
[Source "ChessBase"]
[SourceDate "2002.11.25"]
[SourceVersion "1"]
[SourceVersionDate "2002.11.25"]
[SourceQuality "1"]

1. e4 e6 2. d4 d5 3. Nc3 Nf6 4. Bg5 Be7 5. e5 Nfd7 6. h4 a6 7. Qg4 Bxg5 8. hxg5 c5 9. g6 f5 10. Qg3 h6 11. Nf3 cxd4 12. Nxd4 Nf8 13. 0-0-0 Nc6 14. Nxf5 exf5 15. Nxd5 Bd7 16. Bc4 Ne6 17. Nf6+ 1-0

[Event "SVK-chT1W 0102"]
[Site "Slovakia"]
[Date "2002.??.??"]
[Round "2"]
[White "Petrik, Stanislav"]
[Black "Huba, Martin"]
[Result "1-0"]
[WhiteElo "2280"]
[BlackElo "2192"]
[PlyCount "59"]
[EventDate "2001.10.??"]
[EventType "team"]
[EventRounds "11"]
[EventCountry "SVK"]
[SourceTitle "EXT 2007"]
[Source "ChessBase"]
[SourceDate "2006.11.23"]
[SourceVersion "1"]
[SourceVersionDate "2006.11.23"]
[SourceQuality "1"]

1. e4 c6 2. c4 d5 3. exd5 cxd5 4. cxd5 a6 5. Nc3 Nf6 6. Qb3 Nbd7 7. g3 g6 8. Bg2 Nc5 9. Qc4 e5 10. d4 exd4 11. Qxd4 Bf5 12. Bg5 Nd3+ 13. Kf1 Bg7 14. g4 Nxg4 15. Qxg7 Qxg5 16. Qxh8+ Ke7 17. d6+ Kd7 18. Qxa8 Nc5 19. Qf8 Bd3+ 20. Nge2 Qf6 21. Qe7+ Qxe7 22. dxe7 Kxe7 23. h3 Nf6 24. b4 Ne6 25. Bxb7 Nf4 26. a4 Kd6 27. Bf3 Nd7 28. Ke1 Ne5 29. Nxf4 Nxf3+ 30. Kd1 1-0

[Event "Tatry op"]
[Site "Tatranske Zruby"]
[Date "2001.09.30"]
[Round "3"]
[White "Theissl Pokorna, Regina"]
[Black "Huba, Martin"]
[Result "1-0"]
[WhiteElo "2348"]
[BlackElo "2176"]
[PlyCount "119"]
[EventDate "2001.09.29"]
[EventType "swiss"]
[EventRounds "9"]
[EventCountry "SVK"]
[SourceTitle "CBM 084 Extra"]
[Source "ChessBase"]
[SourceDate "2001.10.26"]
[SourceVersion "1"]
[SourceVersionDate "2001.10.26"]
[SourceQuality "1"]

1. e4 e6 2. d4 d5 3. Nd2 a6 4. Ngf3 c5 5. exd5 exd5 6. dxc5 Bxc5 7. Nb3 Be7 8. Bd3 Nf6 9. 0-0 Bg4 10. h3 Bh5 11. Nbd4 0-0 12. Nf5 Bc5 13. Bg5 Nbd7 14. c3 Re8 15. g4 Bg6 16. N3d4 Qb6 17. Nb3 Bf8 18. Be3 Qc7 19. Re1 Ne5 20. Bf4 Rad8 21. Nbd4 Nfd7 22. Bf1 f6 23. Bg2 Nb6 24. Bg3 Qd7 25. a4 Nc6 26. Qb3 Bc5 27. Rad1 Ne5 28. Ne3 Bf7 29. a5 Nbc4 30. Qc2 Nxe3 31. Rxe3 Nc4 32. Rxe8+ Rxe8 33. Nf5 Bf8 34. b3 Nxa5 35. Ne3 Nc6 36. Nxd5 Qe6 37. Nc7 Qxb3 38. Qxb3 Bxb3 39. Bd5+ Bxd5 40. Nxe8 Bf3 41. Rb1 Ne5 42. Nc7 Kf7 43. Bxe5 fxe5 44. c4 Bc6 45. Kf1 Bd6 46. Nxa6 Be4 47. Rd1 Be7 48. Nc7 Bf3 49. Rd3 Bc6 50. Nd5 b5 51. Nxe7 Kxe7 52. Re3 bxc4 53. Rxe5+ Kd6 54. f4 g6 55. Ke2 Bg2 56. h4 Bh3 57. g5 Bg4+ 58. Kd2 Bf5 59. h5 Be6 60. h6 1-0

[Event "Karvina op"]
[Site "Karvina"]
[Date "2001.07.05"]
[Round "6"]
[White "Chetverik, Maxim"]
[Black "Huba, Martin"]
[Result "1-0"]
[WhiteElo "2336"]
[BlackElo "2161"]
[PlyCount "65"]
[EventDate "2001.06.30"]
[EventType "swiss"]
[EventRounds "9"]
[EventCountry "CZE"]
[SourceTitle "EXT 2002"]
[Source "ChessBase"]
[SourceDate "2001.11.25"]
[SourceVersion "1"]
[SourceVersionDate "2001.11.25"]
[SourceQuality "1"]

1. d4 Nf6 2. c4 e6 3. Nf3 b6 4. g3 Bb7 5. Bg2 Be7 6. 0-0 0-0 7. Nc3 Ne4 8. Qc2 Nxc3 9. bxc3 f5 10. d5 Qc8 11. e4 Na6 12. Nd4 Nc5 13. exf5 e5 14. Re1 Bf6 15. Nf3 d6 16. Ba3 c6 17. Bxc5 bxc5 18. Rad1 cxd5 19. cxd5 Qd7 20. g4 Qe7 21. Qe4 Rae8 22. Bf1 a6 23. Rb1 Qf7 24. c4 Bd8 25. Bd3 g6 26. Kg2 gxf5 27. Qxf5 Qg7 28. Qxh7+ Qxh7 29. Bxh7+ Kxh7 30. Rxb7+ Kg8 31. Re4 Rf6 32. Ng5 Ref8 33. f3 1-0